<?xml version="1.0" encoding="UTF-8"?>
<marc:record xmlns:marc="http://www.loc.gov/MARC21/slim">
   <marc:leader>00000nam a2200000 a 4500</marc:leader>
   <marc:datafield ind1="1" ind2=" " tag="100">
      <marc:subfield code="a">Murakami, Haruki</marc:subfield>
   </marc:datafield>
   <marc:datafield ind1="1" ind2=" " tag="100">
      <marc:subfield code="a">Mizuhara, Kiko</marc:subfield>
   </marc:datafield>
   <marc:datafield ind1="1" ind2=" " tag="100">
      <marc:subfield code="a">Matsuyama, Ken'ichi</marc:subfield>
   </marc:datafield>
   <marc:datafield ind1="1" ind2=" " tag="100">
      <marc:subfield code="a">Kikuchi, Rinko</marc:subfield>
   </marc:datafield>
   <marc:datafield ind1="1" ind2=" " tag="100">
      <marc:subfield code="a">Hung, Tran Anh</marc:subfield>
   </marc:datafield>
   <marc:datafield ind1="0" ind2="0" tag="245">
      <marc:subfield code="a">Naokos Lächeln [Bildtonträger]</marc:subfield>
   </marc:datafield>
   <marc:datafield ind1="0" ind2="0" tag="245">
      <marc:subfield code="c">Regie: Tran Anh Hung. Mit Rinko Kikuchi, Ken'ichi Matsuyama, Kiko Mizuhara ... Nach dem Roman von Haruki Murakami</marc:subfield>
   </marc:datafield>
   <marc:datafield ind1=" " ind2="1" tag="264">
      <marc:subfield code="b">Alive - Vertrieb und Marketing</marc:subfield>
      <marc:subfield code="c">2015</marc:subfield>
   </marc:datafield>
   <marc:datafield ind1="1" ind2=" " tag="520">
      <marc:subfield code="a">Tokio in den späten 60er Jahren: Während sich auf der ganzen Welt die Studenten versammeln, um das Establishment zu stürzen, gerät auch das private Leben von Toru Watanabe in Aufruhr. Mit seiner ersten Liebe Naoko verbindet ihn eine innige Seelenverwandtschaft, doch ihre Beziehung ist belastet durch den tragischen Selbstmord ihres gemeinsamen Freundes Kizuki. Als die offene, temperamentvolle und selbstbewusste Midori in sein Leben tritt, die all das ist, was Naoko nicht sein kann, muss Toru sich zwischen Vergangenheit und Zukunft entscheiden.</marc:subfield>
   </marc:datafield>
   <marc:datafield ind1=" " ind2=" " tag="020">
      <marc:subfield code="a">4042564129106</marc:subfield>
      <marc:subfield code="9">4042564129106</marc:subfield>
   </marc:datafield>
   <marc:datafield ind1=" " ind2=" " tag="500">
      <marc:subfield code="a">Orig. : Japan 2010. Sprache: Deutsch (Dolby Digital 2.0), Deutsch (Dolby Digital 5.1), Japanisch (Dolby Digital 2.0), Japanisch (Dolby Digital 5.1). Untertitel: Deutsch</marc:subfield>
   </marc:datafield>
   <marc:datafield ind1="0" ind2=" " tag="490">
      <marc:subfield code="v">0</marc:subfield>
   </marc:datafield>
   <marc:datafield ind1=" " ind2=" " tag="300">
      <marc:subfield code="a">1 DVD (138 Min.) : farbig</marc:subfield>
   </marc:datafield>
</marc:record>
